000 01065nam a2200289Ia 4500
001 Para_8895
003 CHAP
008 220125s2004 xx 000 0 und d
010 _a207647
040 _cCHAP
090 _aPA TESIS 1843
100 _aHenández López, José Reynaldo
_9174179
245 _aEvaluación del factor de resistencia de Haematobia irritans L. a insecticidas organofosforados y piretroides en dos unidades de producción lechera, en Chapingo, México /
_c por Jose Reynaldo Henández López
260 _aChapingo, Méx. :
_b el autor
300 _a41 h.
502 _aTesis (Ing. Agr. Esp. en Parasitología Agrícola) -- UACh. Departamento Parasitología Agrícola
650 _aInsectos
_x resistencia a insecticidas
_958941
650 _aMosca del cuerno
_9144731
710 _aUACh. Departamento Parasitología Agrícola
_9164025
901 _aPA TESIS 1843
902 _aA
905 _a0000002004 a 0000000000 00
910 _a2004
942 _cPARA
942 _cPARA
_d1
999 _c207647
_d207647